The green revolution in West Pakistan; implications of technological change.

Saved in:
Bibliographic Details
Main Author: Nulty, Leslie
Format: Book
Language:English
Published: New York, Praeger Publishers [1972]
Series:Praeger special studies in international economics and development
Subjects:
LEADER 00996nam a2200253 4500
001 c000037382
003 CARM
005 00000000000000.0
008 720623s1972 nyu b 00000 eng
019 1 |a 21853895  |z 396888  |5 LACONCORD2021 
035 |a (OCoLC)357338  |5 LACONCORD2021 
043 |a a-pk--- 
050 0 0 |a S471.P16  |b N85 
100 1 |a Nulty, Leslie. 
245 1 4 |a The green revolution in West Pakistan;  |b implications of technological change.  |c Foreword by Sir Arthur Gaitskell. 
260 |a New York,  |b Praeger Publishers  |c [1972] 
300 |a xxi, 150 p.  |c 25 cm. 
490 0 |a Praeger special studies in international economics and development 
504 |a Bibliography: p. [143]-150. 
650 0 |a Agriculture  |z Pakistan. 
852 8 |b CARM  |h A2:AD18F0  |i C00570  |p 0034033  |f BK 
082 0 4 |a 630/.9549/1 
999 f f |i 5e37a0fe-09ee-57af-9678-a062cfb3c92d  |s 0bea42f4-b240-5e8c-a0b8-42be1bf68376 
952 f f |p Can circulate  |a CAVAL  |b CAVAL  |c CAVAL  |d CARM 1 Store  |e C00570  |f A2:AD18F0  |h Other scheme  |i book  |m 0034033